Nuevo Testamento Multiversiones (Record no. 29487)
[ view plain ]
| 000 -LEADER | |
|---|---|
| campo de control de longitud fija | 00658mm a2200217a 44500 |
| 001 - NÚMERO DE CONTROL | |
| campo de control | NM030180 |
| 003 - IDENTIFICADOR DE NÚMERO DE CONTROL | |
| campo de control | RG CODE MARC |
| 008 - DATOS DE LONGITUD FIJA--INFORMACIÓN GENERAL | |
| campo de control de longitud fija | 65020simpr ||||||||||||||000 | spa|| |
| 005 - FECHA Y HORA DE LA ÚLTIMA TRANSACCIÓN | |
| campo de control | 20251028183345.0 |
| 020 ## - NÚMERO INTERNACIONAL ESTÁNDAR DEL LIBRO | |
| Número Internacional Estándar del Libro | 1-931952-33-7 |
| 040 ## - FUENTE DE CATALOGACIÓN | |
| Centro catalogador/agencia de origen | ORG CODE MARC |
| 130 ## - ENTRADA PRINCIPAL--TÍTULO UNIFORME | |
| Título uniforme | [Biblia. N.T. Español. MV. 2003] |
| 9 (RLIN) | 41012 |
| 245 ## - MENCIÓN DEL TÍTULO | |
| Título | Nuevo Testamento Multiversiones |
| 260 ## - PUBLICACIÓN, DISTRIBUCIÓN, ETC. | |
| Lugar de publicación, distribución, etc. | [Brasil] |
| Nombre del editor, distribuidor, etc. | Sociedades Bíblicas Unidas |
| 300 ## - DESCRIPCIÓN FÍSICA | |
| Extensión | 957 p. |
| Otras características físicas | 22 cm. |
| 500 ## - NOTA GENERAL | |
| Nota general | "Reina Valera 1960, Reina Valera 95, Dios habla hoy, Biblia en lenguaje sencillo" |
| 500 ## - NOTA GENERAL | |
| Nota general | Donación de Stanley D. Clark, 2025 |
| 653 ## - TÉRMINO DE INDIZACIÓN--NO CONTROLADO | |
| Término no controlado | BIBLIA |
| 653 ## - TÉRMINO DE INDIZACIÓN--NO CONTROLADO | |
| Término no controlado | NUEVO TESTAMENTO |
| 942 ## - ELEMENTOS DE ENTRADA SECUNDARIOS (KOHA) | |
| Tipo de ítem Koha | Colección General |
| Estatus retirado | Estado de pérdida | Estado de daño | No para préstamo | Biblioteca de origen | Biblioteca actual | Fecha de adquisición | Total de préstamos | Código de barras | Visto por última vez | Precio de reemplazo | Tipo de ítem Koha |
|---|---|---|---|---|---|---|---|---|---|---|---|
| Biblioteca Pluis | Biblioteca Pluis | 28/10/2025 | 047214 | 28/10/2025 | 28/10/2025 | Colección General |
